• 首页
  • 本馆介绍
  • 公告通知
  • 最新文献
  • 馆藏检索
  • 电子资源
  • 读者导购
  • 参考咨询
  • 我的图书馆
  • 登录
  • 详细信息显示
  • 放入我的书架
  • 预约/预借图书
  • 作者相关作品
  • 分类相关作品
  • 丛书相关作品
  • 出版社相关作品

书目信息

  • 表格格式
  • 工作单格式
  • 卡片格式
题名:
道行般若经 上
    
 
作者: 宋先伟 , 宋先伟 主编
分册:  
出版信息: 北京   大众文艺出版社  2004.10
页数: 310页
开本: 20cm
丛书名: 中国佛学经典文库
单 册:
中图分类: B942.1
科图分类:
主题词: 大乘--da cheng--经藏--译文
电子资源:
ISBN: 7-80171-530-6
000 01170nam 2200313 45
001 CAL 012004134503
005 20041206164113.2
010    @a7-80171-530-6@dCNY25.00
099    @aCAL 012004134503
100    @a20041116d2004 em y0chiy0121 ea
101 0  @achi
102    @aCN@b110000
105    @aa z 000yy
200 1  @a道行般若经 上@Adao xing ban ruo jing shang@f宋先伟主编@Fsong xian wei zhu bian
210    @a北京@c大众文艺出版社@d2004.10
215    @a310页@c图@d20cm
225 2  @a中国佛学经典文库@Azhong guo fo xue jing dian wen ku@e珍藏版
314    @a书脊题:宋先伟主编
330    @a本经阐明般若波罗蜜之法, 并叙及其受持的功德, 属大乘佛教的典籍。本经说的是通过佛所主持的一个大会, 委托须菩提向诸位天神龙说法, 以阐发菩萨应该怎样学, 怎样做, 怎样思维, 才能完成修习大乘的任务, 从不同的方面揭示出般若波罗蜜多的具体内容。
410  0 @12001 @a中国佛学经典文库
606 0  @a大乘@Ada cheng@x经藏@x译文
690    @aB942.1@v4
701  0 @a宋先伟@Asong xian wei@4主编
701  0 @a宋先伟@Asong xian wei@4主编
801  0 @aCN@bBTBU@c20041116
905    @aBZT@dB942.1@e15-1
906    @dCNY50.00 (上下册@n0@r1
920    @a211111@z1
998    @aBTBU
    
    道行般若经 上/宋先伟主编.-北京:大众文艺出版社,2004.10
    310页:图;20cm.-(中国佛学经典文库:珍藏版)
    
    
    ISBN 7-80171-530-6:CNY25.00
    本经阐明般若波罗蜜之法, 并叙及其受持的功德, 属大乘佛教的典籍。本经说的是通过佛所主持的一个大会, 委托须菩提向诸位天神龙说法, 以阐发菩萨应该怎样学, 怎样做, 怎样思维, 才能完成修习大乘的任务, 从不同的方面揭示出般若波罗蜜多的具体内容。
●
相关链接 在五车中查询图书 在当当中查询图书 在豆瓣中查询图书


正题名:道行般若经 上     索取号:B942.1/15-1         预约/预借

序号 登录号 条形码 馆藏地/架位号 状态 备注
1 405646   210333450   中心书库南/007架B面1层5列/ [索取号:B942.1/15-1] 在馆    
2 405647   210333469   中心书库南/007架B面1层5列/ [索取号:B942.1/15-1] 在馆    
3 405648   210333432   中心书库南/007架B面1层5列/ [索取号:B942.1/15-1] 在馆    
4 405649   210333441   中心书库南/007架B面1层5列/ [索取号:B942.1/15-1] 在馆    
5 405650   210333414   中心书库南/007架B面1层5列/ [索取号:B942.1/15-1] 在馆    
6 405651   210333423   中心书库南/007架B面1层5列/ [索取号:B942.1/15-1] 在馆    
7 405652   210333398   中心书库南/007架B面1层5列/ [索取号:B942.1/15-1] 在馆    
8 405653   210333405   中心书库南/007架B面1层5列/ [索取号:B942.1/15-1] 在馆    
9 405654   210333370   中心书库南/007架B面1层5列/ [索取号:B942.1/15-1] 在馆    
10 405655   210333389   中心书库南/007架B面1层5列/ [索取号:B942.1/15-1] 在馆    
山东省滨州职业学院图书馆 欢迎您!
大连网信软件有限公司© 版权所有